000
00278nam a2200121Ia 4500
008
220204s9999 xx 000 0 und d
082
_a
796.332
_b
JON
100
_a
Jones, Ken
245
0
_a
How to play Soccer
260
_a
London
_b
Hamlyn
_c
1978
650
_a
Soccer
942
_c
BK
999
_c
35960
_d
35960